000 00868nas a2200277 4500
001 BR7902109
003 BR-BrBNA
005 20231205083657.0
007 ta
008 230509b bl.|||p| |||| 00| 00por d
040 _aBR-BrBNA
_bpor
_cBiblioteca Nacional de Agricultura
041 _a(Pt)
072 _aF50; F30
100 1 _aMora, A.L.
100 1 _aValeri, S.V.
100 1 _aFerreira, M.
100 1 _aKageyama, P.Y.
245 1 _aBases para o melhoramento genetico da densidade basica da madeira de Eucalyptus grandis Hill ex Maiden [eucalipto]
650 _aESTRUTURA VEGETAL
650 _aMELHORAMENTO GENETICO VEGETAL
650 _aEUCALIPTO
650 _aMADEIRA
773 0 _tIPEF. Boletim Informativo (Brazil)
_xISSN 0100-4557
_g(Oct 1978), v. 6(19) p. 53-61
_wBR7902109
909 _a202311
_bLúcia
_c55
_dLúcia Elande
942 _2AGRIS
_n0
_cANA
999 _c100506
_d100506